000 00725nam a22002057a 4500
999 _c181454
_d181454
005 20210914170040.0
010 _aENG-129916
020 _a978-93-86515834
_c2202.00
035 _aEN-113448
037 _bDBAD/PUB
082 _a346.54052
100 _aKannan,K
245 _aThe Indian succession act:
_cby K Kannan
250 _a12th ed.
260 _bLexis Nexis
_aIndia
_c2019
270 _bGurgaon
_e122002
_a14th Floor , Building No 10, Tower-B, DLF Cyber City, phase -ll
_k+91 124 4774444
_l+91 124 4774100
_mhelp.in@lexisnexis.com
300 _accxii,1415p.
_c25cm(hbk)
500 _aformar judge,Punjab,& Haryana High court chairman,Railway claims tribunal
942 _2ddc
_cEN
_h346.54052
_m KAN